Normal view
MARC view
- Younus Javed, Hassan Tahir
Entry Personal Name
001 - CONTROL NUMBER
- control field: 68117
003 - CONTROL NUMBER IDENTIFIER
- control field: NUST
005 - DATE AND TIME OF LATEST TRANSACTION
- control field: 20210628203959.0
008 - FIXED-LENGTH DATA ELEMENTS
- fixed length control field: 210628|| aca||aabn | a|a d
040 ## - CATALOGING SOURCE
- Original cataloging agency: NUST
- Transcribing agency: NUST
100 ## - HEADING--PERSONAL NAME
- Personal name: Younus Javed, Hassan Tahir
670 ## - SOURCE DATA FOUND
- Source citation: Work cat.: (NUST): Younus Javed, Hassan Tahir, Optimized security protocol for wireless sensor networks, security in wireless sensor networks, 2012
